Central Library OPAC University of Rajshahi

Indian village / (Record no. 34152)

MARC details
000 -LEADER
fixed length control field 00818nam a22002652i 4500
001 - CONTROL NUMBER
control field 34152
003 - CONTROL NUMBER IDENTIFIER
rucl marc code BD-RjUL
005 - DATE AND TIME OF LATEST TRANSACTION
control field 20211209052120.0
008 - FIXED-LENGTH DATA ELEMENTS--GENERAL INFORMATION
fixed length control field 140514t19611955nyuf b 001 0 eng d
035 ## - SYSTEM CONTROL NUMBER
System control number (BD-RjUL)34246
040 ## - CATALOGING SOURCE
Original cataloging agency DLC
Transcribing agency IAR
Modifying agency NRC
-- EQO
-- BD-RjUL
Language of cataloging eng
041 ## - LANGUAGE CODE
Language code of text/sound track or separate title eng
082 ## - DEWEY DECIMAL CLASSIFICATION NUMBER
Classification number 323.354
Classification number 301.35
Author mark and year DUI 1961
100 1# - MAIN ENTRY--PERSONAL NAME
Personal name Dube, S. C.
Fuller form of name (Shyama Charan),
Dates associated with a name 1922-1996
9 (RLIN) 103807
245 10 - TITLE STATEMENT
Title Indian village /
Statement of responsibility, etc. foreword by Morris Edward Opler
260 ## - PUBLICATION, DISTRIBUTION, ETC. (IMPRINT)
Place of publication, distribution, etc. London :
Name of publisher, distributor, etc. Routledge & Kegan pub.,
Date of publication, distribution, etc. 1955 [Impression 1961].
300 ## - PHYSICAL DESCRIPTION
Pagination xiv, 248 p. :
Illustrations ill. ;
Size 23 cm
504 ## - BIBLIOGRAPHY, ETC. NOTE
Bibliography, etc includes index.
650 #0 - SUBJECT ADDED ENTRY--TOPICAL TERM
Topical term or geographic name as entry element Villages
Geographic subdivision India
General subdivision Case studies
9 (RLIN) 12747
651 #0 - SUBJECT ADDED ENTRY--GEOGRAPHIC NAME
Geographic name Shamirpet (India)
9 (RLIN) 103809
Geographic name India
General subdivision Rural conditions
-- Case studies
9 (RLIN) 103810
942 ## - ADDED ENTRY ELEMENTS (KOHA)
Source of classification or shelving scheme Dewey Decimal Classification
Koha item type Books
Holdings
Lost status Source of classification or shelving scheme Damaged status Not for loan Collection code Permanent Location Current Location Shelving location Date acquired Source of acquisition Cost, normal purchase price Total Checkouts Full call number Date last seen Copy number Koha item type
  Dewey Decimal Classification     Non-fiction Central Library, University of Rajshahi Central Library, University of Rajshahi   19/04/1965 Euro Pak. 21.75   323.354 DUI 1961 14/05/2014 C-4 Books
  Dewey Decimal Classification     Non-fiction Central Library, University of Rajshahi Central Library, University of Rajshahi   11/11/1968 Zetlinger 25.00   323.354 DUI 1965 14/05/2014 C-3 Books
  Dewey Decimal Classification     Non-fiction Central Library, University of Rajshahi Central Library, University of Rajshahi   11/11/1968 Zeitlinger 25.00   323.354 DUI 1965 14/05/2014 C-5 Books
  Dewey Decimal Classification     Non-fiction Central Library, University of Rajshahi Central Library, University of Rajshahi   11/11/1968 Zeitlinger 25.00   323.354 DUI 1965 15/05/2014 C-2 Books
  Dewey Decimal Classification     Non-fiction Central Library, University of Rajshahi Central Library, University of Rajshahi   11/11/1968 Zeitlinger 25.00   323.354 DUI 1965 15/05/2014 C-6 Books
  Dewey Decimal Classification     Non-fiction Central Library, University of Rajshahi Central Library, University of Rajshahi   11/11/1968 Zeitlinger 25.00   323.354 DUI 1965 15/05/2014 C-7 Books
  Dewey Decimal Classification   Not For Loan Non-fiction Central Library, University of Rajshahi Central Library, University of Rajshahi Reading Room 12/09/1955 B.H. black well 55.00   301.35 DUI 1955 17/05/2014 C-1 Books